[Event "Chigorin Memorial 30th"]
[Site "St Petersburg"]
[Date "2023.10.25"]
[Round "5"]
[White "Karpenko, Artyom A"]
[Black "Gavrikova, Veronika"]
[Result "1-0"]
[WhiteElo "1513"]
[BlackElo "1024"]
[PlyCount "47"]
[EventDate "2023.10.21"]
[EventType "swiss"]
[EventRounds "9"]
[EventCountry "RUS"]
[SourceTitle "Mega2024 Update 01"]
[Source "Chessbase"]
[SourceDate "2023.11.12"]
[SourceVersion "1"]
[SourceVersionDate "2023.11.12"]
[SourceQuality "1"]

1. e4 e5 2. Nf3 Nc6 3. Bb5 a6 4. Ba4 Nf6 5. 0-0 d6 6. d3 b5 7. Bb3 Be7 8. c3 0-0 9. Re1 Bg4 10. Nbd2 Na5 11. Bc2 c6 12. h3 Be6 13. Nf1 h6 14. Ng3 Nb7 15. d4 exd4 16. Nxd4 Qd7 17. Ndf5 Rad8 18. Bxh6 Bxf5 19. Nxf5 gxh6 20. Qd2 Ne8 21. Qxh6 Bf6 22. e5 Bg7 23. Ne7+ Qxe7 24. Qh7# 1-0

[Event "St Petersburg Korchnoi Memorial op"]
[Site "St Petersburg"]
[Date "2023.08.19"]
[Round "2"]
[White "Karpenko, Artyom A"]
[Black "Rubtsov, Aleksandr1111"]
[Result "1/2-1/2"]
[WhiteElo "1477"]
[BlackElo "1789"]
[PlyCount "98"]
[EventDate "2023.08.18"]
[EventType "swiss"]
[EventRounds "9"]
[EventCountry "RUS"]
[SourceTitle "EXT 2024"]
[Source "ChessBase"]
[SourceDate "2023.10.10"]
[SourceVersion "1"]
[SourceVersionDate "2023.10.10"]
[SourceQuality "1"]

1. e4 c5 2. Nf3 d6 3. d4 cxd4 4. Nxd4 Nf6 5. Nc3 a6 6. Bg5 e6 7. f4 Be7 8. Qf3 Qc7 9. 0-0-0 Nbd7 10. g4 b5 11. Bxf6 Nxf6 12. Bg2 Bb7 13. g5 Nd7 14. Rhe1 0-0 15. Qg4 b4 16. Nce2 Rac8 17. Kb1 Rfe8 18. e5 Bxg2 19. exd6 Bxd6 20. Qxg2 e5 21. fxe5 Bxe5 22. Nc1 Nf8 23. Nf3 Bd6 24. h4 a5 25. Nd4 Rxe1 26. Rxe1 Qc5 27. Ncb3 Qb6 28. Nf5 a4 29. Nc1 a3 30. h5 axb2 31. Kxb2 Ne6 32. g6 Qc5 33. Nxd6 Qxd6 34. Qb7 Qc7 35. gxf7+ Kxf7 36. Qf3+ Ke7 37. Qe4 Qc4 38. Re2 Qxe4 39. Rxe4 Rc5 40. Nd3 Rf5 41. Kb3 Kd7 42. Kxb4 Rxh5 43. c4 Rh3 44. Ne5+ Kc7 45. c5 Rh2 46. a3 Rb2+ 47. Kc3 Ra2 48. Nc4 Nxc5 49. Re7+ Kc6 1/2-1/2